000 00656nam#a2200241#c#4500
003 IEF
005 20180219162032.0
008 941031s1983 uuu####fr####| 0||u| |u
017 _aM. 1452-1983
020 _a8485689151
040 _aIEF
100 1 _aRedondo Valdés, Vicente
_937045
245 _aIntroducción a la auditoría de la empresa bancaria
250 _aMadrid : Instituto Censores Jurados de Cuentas
260 _c1983
500 _aContiene bibliografía y formularios. -- 372 p. ; 24 cm
650 4 _aCONTROL
_940745
650 4 _aBANCOS
_932280
650 4 _aAUDITORIA
_932215
942 _cLIB
942 _z3837
999 _c69848
_d69848